Geography Quiz

Random Geography or State Quiz

US States Landmark Slideshow Quiz Stats

Quiz Updated Jun 28, 2015

Score 0/50 Timer 11:00
6 Plays Today
% Correct
New York
98.9%
California
98.8%
Hawaii
93.6%
Texas
93.2%
South Dakota
90.2%
Florida
87.3%
Louisiana
86.2%
New Mexico
86%
Arizona
85.7%
Pennsylvania
85.3%
Virginia
82.8%
Missouri
82.2%
Nevada
82%
New Jersey
80.3%
Oklahoma
80.3%
Maine
79.7%
Washington
79.3%
Massachusetts
77.6%
Alaska
77.5%
Wyoming
77.2%
Tennessee
77.1%
Alabama
75.6%
Colorado
75.6%
Illinois
74.5%
South Carolina
74.1%
% Correct
Michigan
73.6%
Indiana
73.5%
North Carolina
71.9%
Ohio
71.3%
Wisconsin
64.2%
New Hampshire
63.9%
Oregon
62.2%
Utah
61.8%
Connecticut
61.3%
Montana
60.6%
Kansas
60%
Delaware
55%
Mississippi
54.6%
Maryland
52.1%
Minnesota
51.4%
Kentucky
51.2%
Georgia
50.2%
North Dakota
49.8%
Arkansas
48.6%
West Virginia
48.1%
Rhode Island
47%
Idaho
46.1%
Nebraska
45.2%
Iowa
42.5%
Vermont
34.9%

You're not logged in!

Compare scores with friends on all Sporcle quizzes.
Sign Up with Email
OR
Log In

You Might Also Like...

Show Comments

Extras

Top Quizzes Today


Score Distribution

Your Account Isn't Verified!

In order to create a playlist on Sporcle, you need to verify the email address you used during registration. Go to your Sporcle Settings to finish the process.